Statystyki dla Mistrzowie Polski w piłce nożnej mężczyzn

Kliknij tutaj aby rozwiązać quiz!

Ogólne statystyki

  • Ten quiz został rozwiązany 296 razy
    (138 od ostatniego zresetowania)
  • Średni wynik to 82 z 95

Statystyki odpowiedzi

rokKlub% Poprawnych
1970Legia Warszawa
100%
2013Legia Warszawa
100%
1961Legia Warszawa
100%
1960Legia Warszawa
100%
1956Legia Warszawa
100%
1955Legia warszawa
100%
1994Legia Warszawa
100%
1995Legia Warszawa
100%
1969Legia Warszawa
100%
2006Legia Warszawa
100%
2002Legia Warszawa
100%
2014Legia Warszawa
100%
2017Legia Warszawa
100%
2021Legia Warszawa
100%
2020Legia Warszawa
100%
2016Legia Warszawa
100%
2018Legia Warszawa
100%
1983Lech Poznań
98%
1984Lech Poznan
98%
1990Lech Poznań
98%
1992Lech Poznań
98%
1993Lech Poznań
98%
2022Lech Poznań
98%
2015Lech Poznań
98%
2010Lech Poznań
98%
2005Wisła Kraków
96%
1978Wisła Kraków
96%
2009Wisła Kraków
96%
2008Wisła Kraków
96%
1999Wisła Kraków
96%
2001Wisła Kraków
96%
2004Wisła Kraków
96%
2003Wisła Kraków
96%
1949Wisła Kraków
96%
1927Wisła Kraków
96%
2011Wisła Kraków
96%
1950Wisła Kraków
96%
1928Wisła Kraków
96%
1989Ruch Chorzów
89%
1979Ruch Chorzów
89%
1974Ruch Chorzów
89%
1975Ruch Chorzów
89%
1968Ruch Chorzów
89%
1953Ruch Chorzów
89%
1933Ruch Chorzów
89%
1934Ruch Chorzów
89%
1935Ruch Chorzów
89%
1936Ruch Chorzów
89%
1938Ruch Chorzów
89%
1939Ruch Chorzów
89%
1951Ruch Chorzów
89%
1952Ruch Chorzów
89%
1946Polonia Warszawa
88%
2000Polonia Warszawa
88%
1930Cracovia
86%
1932Cracovia
86%
1937Cracovia
86%
1948Cracovia
86%
1921Cracovia
86%
1987Górnik Zabrze
84%
1988Górnik Zabrze
84%
1959Górnik Zabrze
84%
1972Górnik Zabrze
84%
1967Górnik Zabrze
84%
1957Górnik Zabrze
84%
1986Górnik Zabrze
84%
1971Górnik Zabrze
84%
1966Górnik Zabrze
84%
1985Górnik Zabrze
84%
1963Górnik Zabrze
84%
1964Górnik Zabrze
84%
1965Górnik Zabrze
84%
2012Śląsk Wrocław
84%
1977Śląsk Wrocław
84%
2019Piast Gliwice
82%
1996Widzew Łódź
80%
1981Widzew Łódź
80%
1997Widzew Łódź
80%
1982Widzew Łódź
80%
1958ŁKS Łódź
76%
1998ŁKS Łódź
76%
2007Zagłębie Lubin
74%
1991Zagłębie Lubin
74%
1954Polonia Bytom
64%
1962Polonia Bytom
64%
1947Warta Poznań
60%
1929Warta Poznań
60%
1922Pogoń Lwów
56%
1926Pogoń Lwów
56%
1925Pogoń Lwów
56%
1923Pogoń Lwów
56%
1976Stal Mielec
55%
1973Stal Mielec
55%
1980Szombierki Bytom
44%
1931Garbarnia Kraków
40%

Rozkład punktacji

Percentyl według liczby udzielonych odpowiedzi

Procent ludzi z każdym wynikiem

Twoja historia wyników

Nie rozwiązałeś tego quizu od ostatniego zresetowania